Spevník mládežníckych piesní

Bibliographic Details
Other Authors: Kalata, Pavol (Compiler), Brosová Lipková, Barbora, 1985- (Compiler)
Format: Musical Score Book
Language:Slovak
PhysicalDescription:1 spevník (134 strán v rôznom stránkovaní) 30 cm 1 brožúra (202 nečíslovaných strán)
Published: Námestovo Tlačiareň Kubín 2021
Subjects:

MARC

LEADER 00000ncm a2200000 4500
001 vtls012077520
003 SK-MaSNL
005 20260302024721.0
007 qu
008 211115s2020 xo ccz g u slo
015 |a SNBH2024 
024 2 |a 9788082170392 (hrebeňová väzba) 
040 |a SNK  |b slo  |c SNK  |e rda 
041 0 |a slo 
044 |a xo  |c SK 
048 |a vu01 
072 7 |a 783  |x Cirkevná hudba. Duchovná hudba. Náboženská hudba  |2 konspekt 
072 7 |a 784  |x Vokálna hudba  |2 konspekt 
080 |a 783.2  |2 2011 
080 |a 783.2:27  |2 2011 
080 |a 784.66-053.6  |2 2011 
080 |a (0:82-192)  |2 2011 
245 0 0 |a Spevník mládežníckych piesní  |h hudobnina  |c zostavili: Pavol Kalata, Barbora Brosová Lipková 
264 1 |a Námestovo  |b Tlačiareň Kubín  |c 2021 
300 |a 1 spevník (134 strán v rôznom stránkovaní)  |c 30 cm  |e 1 brožúra (202 nečíslovaných strán) 
336 |a text  |b txt  |2 rdacontent 
336 |a zápis hudby  |b ntm  |2 rdacontent 
337 |a bez média  |b n  |2 rdamedia 
338 |a zväzok  |b nc  |2 rdacarrier 
382 |a spev 
500 |a Názov z obálky 
500 |a Na obale: + nahrávky a noty na webe 
500 |a V tiráži: Pre liturgické potreby 
650 0 7 |a mládežnícke piesne  |2 SNKPH  |9 106263 
650 0 7 |a Sacred vocal music  |2 SNKPHeng  |9 267667 
650 0 7 |a Christian songs  |2 SNKPHeng  |9 313891 
650 0 7 |a Youth songs  |2 SNKPHeng  |9 673117 
650 0 7 |a liturgická hudba  |2 SNKPH  |9 1750 
650 0 7 |a kresťanské piesne  |2 SNKPH  |9 65974 
655 7 |a spevníky  |2 SNKPH  |9 70506 
655 7 |a Songbooks  |2 SNKPHeng  |9 288744 
700 1 |a Kalata, Pavol  |4 com  |9 673118 
700 1 |a Brosová Lipková, Barbora,  |d 1985-  |4 com  |9 660899 
852 |a Slovenská národná knižnica 
919 |a 978-80-8217-039-2 
958 |a NT 
999 |c 1041482  |d 1043412 
952 |a SNK  |b SNK  |y PREZ  |7 0  |p 17A1469127  |o snkHSB 4732  |i snk2021/18322  |8 0  |3 Dokument obsahuje 1 voľnú prílohu   |0 0  |1 0  |4 0  |d 2021-11-15  |l 0  |r 2026-02-24 14:26:24  |w 2026-02-24 
952 |a SNK  |b SNK  |y PREZ  |7 0  |p 17A1469128  |o snkHSB 4732/príl.  |i snk2021/18322  |8 0  |z Príl.: 1 brožúra (nestránkované)  |0 0  |1 0  |4 0  |d 2021-11-15  |l 0  |r 2026-02-24 14:26:24  |w 2026-02-24 
952 |a SNK  |b SNK  |y PREZ  |7 0  |p 17A1469129  |o snkHSB 4732 D1  |i snk2021/18323  |8 0  |3 Dokument obsahuje 1 voľnú prílohu   |z prezenčne knihy - hrebeňová väzba  |0 0  |1 0  |4 0  |d 2021-11-15  |l 0  |r 2026-02-24 14:26:24  |w 2026-02-24 
952 |a SNK  |b SNK  |y PREZ  |7 0  |p 17A1469130  |o snkHSB 4732/príl. D1  |i snk2021/18323  |8 0  |z Príl.: 1 brožúra (nestránkované)  |0 0  |1 0  |4 0  |d 2021-11-15  |l 0  |r 2026-02-24 14:26:24  |w 2026-02-24